[Event "GER-chT U14 Girls"]
[Site "Neumuenster"]
[Date "2019.12.29"]
[Round "6.7"]
[White "Goellnitz, Coelestine"]
[Black "Wehling, Ida"]
[Result "0-1"]
[WhiteElo "800"]
[BlackElo "1123"]
[PlyCount "88"]
[EventDate "2019.12.27"]
[EventType "team-swiss"]
[EventRounds "7"]
[EventCountry "GER"]
[SourceTitle "CBM 194 Extra"]
[Source "ChessBase"]
[SourceDate "2020.03.31"]
[SourceVersion "1"]
[SourceVersionDate "2020.03.31"]
[SourceQuality "1"]
[WhiteTeam "Leipzig Lindenau"]
[BlackTeam "Raesfeld"]
[WhiteTeamCountry "GER"]
[BlackTeamCountry "GER"]

1. e4 e5 2. Nf3 Nc6 3. Nc3 Nf6 4. Bb5 Bd6 5. d3 h6 6. Be3 0-0 7. Qd2 Re8 8. 0-0-0 a6 9. Bc4 Be7 10. Nh4 d6 11. h3 Nh7 12. Ng6 Bf6 13. h4 Nf8 14. Nxf8 Rxf8 15. g3 Qd7 16. f3 Kh7 17. Nd5 Qd8 18. Rdf1 Be6 19. Rf2 b5 20. Nxf6+ Qxf6 21. Bd5 Bxd5 22. exd5 Ne7 23. Rhf1 Nxd5 24. b3 c5 25. a3 Rab8 26. c3 Rfc8 27. Kc2 Qg6 28. Rb1 a5 29. Rg2 c4 30. Ba7 Rb7 31. Bf2 Rbc7 32. Rc1 cxd3+ 33. Kb2 Nxc3 34. Be1 Nd5 35. Rxc7 Rxc7 36. Qxa5 Rc5 37. Rd2 Qf5 38. f4 Qe4 39. Bf2 Rc2+ 40. Kb1 exf4 41. gxf4 Nxf4 42. Bg3 Qh1+ 43. Be1 Qxe1+ 44. Rd1 Qxd1# 0-1